Statistiques concernant Finalistes du Ballon d'Or

Cliquez ici pour prendre le quiz!

Statistiques générales

  • Ce quiz a été pris 42 644 fois
    (10 164 depuis la dernière actualisation)
  • Le résultat moyen est 23 sur 48

Statistiques - réponses

Joueur% Correct
Lionel Messi
100%
Cristiano Ronaldo
99%
Karim Benzema
99%
Ronaldo
99%
Zinedine Zidane
94%
Luka Modrić
90%
Sadio Mané
85%
Robert Lewandowski
81%
Kevin De Bruyne
75%
Neymar
75%
Ronaldinho
75%
Franck Ribéry
74%
Antoine Griezmann
72%
Kaká
72%
Andrés Iniesta
71%
Xavi
68%
Thierry Henry
64%
Manuel Neuer
61%
Fabio Cannavaro
60%
Virgil van Dijk
51%
Luís Figo
46%
Andriy Chevtchenko
44%
Gianluigi Buffon
44%
Rivaldo
43%
Pavel Nedvěd
42%
Jorginho
41%
Paolo Maldini
38%
Michael Owen
36%
Oliver Kahn
35%
Marco van Basten
32%
George Weah
31%
David Beckham
30%
Roberto Carlos
29%
Steven Gerrard
27%
Fernando Torres
26%
Frank Lampard
25%
Roberto Baggio
22%
Raúl
20%
Hristo Stoichkov
18%
Deco
17%
Eric Cantona
17%
Matthias Sammer
14%
Dennis Bergkamp
13%
Davor Šuker
12%
Alan Shearer
8%
Jari Litmanen
7%
Jürgen Klinsmann
5%
Predrag Mijatović
5%

Distribution des résultats

Percentile par nombre de réponses

% des personnes avec chaque résultat

Votre développement - résultats

Vous n’avez pas pris ce quiz depuis la dernière actualisation